000
00276nam a2200121Ia 4500
008
211105s9999 xx 000 0 und d
020
_a
VYASA04859
100
_a
Digambaraji Swami
245
0
_a
Hathapradipika
250
_a
\N
260
_b
K.S.M.Y.M Samiti
_c
\N
300
_a
242
999
_c
10493
_d
10493